000 00262nam a2200133Ia 4500
100 _aPowell/J.E
942 _cBK
654 _aFox Pro 2
245 _aFox Pro 2
260 _bGalgotia Pub
_aNew Delhi
_c1993
300 _a411
546 _aENGLISH
999 _c30599
_d30599